| 000 | 00472cam a22001217a 4500 | ||
|---|---|---|---|
| 008 | 180718b1967 xxu||||| |||| 00| 0 eng d | ||
| 082 | _aA81x54 In2/61/6/Pt6/7 | ||
| 100 | _aCensus of India 1961 | ||
| 245 | _aJammu and Kashmir: village survey monograph of Maheshwarpora (Tullamulla, tehsil Ganderbal, district Srinagar) | ||
| 260 |
_aDelhi _bThe Manager of Publications _c1967 |
||
| 300 | _a168+p. | ||
| 440 | _aCensus of India 1961. Volume VI, Jammu and Kashmir. Part VI.No.7 | ||
| 999 |
_c484123 _d484123 |
||